| 000 | 00521nam a22001817a 4500 | ||
|---|---|---|---|
| 005 | 20241105143040.0 | ||
| 008 | 241105b |||||||| |||| 00| 0 eng d | ||
| 020 | _a9781496345646 | ||
| 082 |
_a612 _bWIN-S |
||
| 100 | _aWineski, Lawrence. E | ||
| 245 |
_aSnell's Clinical Anatomy by Region / _cby Lawrence. E Wineski |
||
| 250 | _a10th ed. | ||
| 260 |
_aPhiladelphia : _bWolters Kluwer ; _c2019. |
||
| 300 |
_aix, 804 p. : _bill. ; _c28 cm. |
||
| 500 | _aInclude Index. | ||
| 650 | _aMedical / Anatomy | ||
| 999 |
_c36755 _d36755 |
||